CIUDAD NO CAPITAL MÁS GRANDE DE CADA PAÍS - Estadísticas

Estadísticas generales
  • Esta prueba ha sido intentada 70 veces
  • La puntuación promedio es 10 de 16
Estadísticas de respuestas
Imagen Respuesta % Correcto
Nueva York
98%
Toronto
94%
Oporto
91%
São Paulo
89%
Milán
82%
Casablanca
77%
Medellín
77%
Zúrich
77%
Hamburgo
71%
Lagos
65%
Dubái
60%
Alejandría
55%
Gotemburgo
38%
Yeda
31%
Orán
25%
Bengasi
11%
No se encontraron pruebas coincidentes
Distribución de puntuación
Porcentaje de gente con cada puntuación
Porcentaje por número respondido
Historial de tus puntuaciones
No has intentado esta prueba.